书目信息 |
| 题名: |
银河铁道之夜
|
|
| 作者: | 宫泽贤治 著 ;河童 译 | |
| 分册: | ||
| 出版信息: | 北京 新世界出版社 2003 |
|
| 页数: | 132页 | |
| 开本: | 21cm | |
| 丛书名: | ||
| 单 册: | ||
| 中图分类: | I313.84 | |
| 科图分类: | ||
| 主题词: | 童话--日本--现代 | |
| 电子资源: | ||
| ISBN: | 7-80187-156-1 | |
| 000 | 00706oam2 2200229 45 | |
| 001 | 070021951610 | |
| 005 | 20061126111031.26 | |
| 010 | @a7-80187-156-1@dCNY20.00 | |
| 100 | @a20041226d2003 ekmy0chiy0120 ea | |
| 101 | 1 | @achi@cjpn |
| 102 | @aCN | |
| 105 | @aa z 000fy | |
| 200 | 1 | @a银河铁道之夜@Ayin he tie dao zhi ye@f(日)宫泽贤治著@F(Ri)Gong Ze Xian Zhi Zhu@g河童译@Ghe tong yi |
| 210 | @a北京@c新世界出版社@d2003 | |
| 215 | @a132页@c插图@d21cm | |
| 330 | @a本书包括“银河铁道之夜”、“猫咪分局”、“风又三郎”三篇童话。 | |
| 606 | 0 | @a童话@y日本@z现代 |
| 690 | @aI313.84@v3 | |
| 701 | 0 | @a宫泽贤治@4著 |
| 702 | 0 | @a河童@Ahe tong@4译 |
| 801 | 0 | @aCN@bCXYBOOK@c20061126 |
| 905 | @dI313.84@e213 | |
| 银河铁道之夜/(日)宫泽贤治著/河童译.-北京:新世界出版社,2003 |
| 132页:插图;21cm |
| ISBN 7-80187-156-1:CNY20.00 |
| 本书包括“银河铁道之夜”、“猫咪分局”、“风又三郎”三篇童话。 |
| ● |
| 相关链接 |
|
|
|
|
正题名:银河铁道之夜
索取号:I313.84/213
 
预约/预借
| 序号 | 登录号 | 条形码 | 馆藏地/架位号 | 状态 | 备注 |
| 1 | 0410907 | 204109071 | 第一样本阅览室/ [索取号:I313.84/213] | 在馆 | |
| 2 | 0410908 | 204109080 | 第二借阅区/ [索取号:I313.84/213] | 在馆 | |
| 3 | 0410909 | 204109099 | 第二借阅区/ [索取号:I313.84/213] | 在馆 | |
| 4 | 0410910 | 204109106 | 第二借阅区/ [索取号:I313.84/213] | 在馆 | |
| 5 | 0410911 | 204109115 | 第二借阅区/ [索取号:I313.84/213] | 在馆 | |
| 6 | 0410912 | 204109124 | 第二借阅区/ [索取号:I313.84/213] | 在馆 | |
| 7 | 0410913 | 204109133 | 第二借阅区/ [索取号:I313.84/213] | 在馆 | |
| 8 | 0410914 | 204109142 | 第二借阅区/ [索取号:I313.84/213] | 在馆 |